| 000 | 00782cam a2200313 4500 | ||
|---|---|---|---|
| 008 | 090401t1991 xxu||||| |||| 00| 0 eng d | ||
| 020 | _a0851217087 | ||
| 035 | _a(Sirsi) u28888 | ||
| 041 | _aeng | ||
| 050 | _a690.231 | ||
| 100 | _aGarner, J.F. | ||
| 245 | _aGarner`s alteration or conversion of houses. | ||
| 250 | _a7th ed. | ||
| 260 |
_aLondon _bLongman _c1991 |
||
| 300 | _axx,184p. ; 22cm. | ||
| 350 | _a20 | ||
| 490 | _aLongman Practitioner Series | ||
| 650 | _aALTERATIONS | ||
| 650 |
_aBUILDING REGULATIONS _96224 |
||
| 650 | _aCONVERSION | ||
| 650 | _aGRANTS | ||
| 650 | _aHOUSES | ||
| 650 | _aPLANNING CONTROL | ||
| 650 | _aRESTRICTIVE COVENANTS | ||
| 690 |
_aRefurbishment _96264 |
||
| 700 | _aEdmunds, R. | ||
| 942 | _n0 | ||
| 948 | _c04/03/1997 | ||
| 999 |
_c89355 _d89355 |
||